000 00437nam a2200145 i 4500
001 45257
003 ES-MaACL
007 t|
008 030325s1867 be ||||1| spa d
245 0 0 _aCode penal belge
_b: recueil des lois 1867. Supplement /
_cpar J. S. G. Nypels.
260 _aBruxelles :
_bBruylant Christophe et Cie.,
_c1867.
300 _aXIV, 195 p. ;
_c21 cm.
700 1 _aNypels, J. S. G.
_986267
852 _aES-MaACL
_jG-3643
999 _c45257
_d45257